| 000 | 00810nam a22001817a 4500 | ||
|---|---|---|---|
| 001 | 10097 | ||
| 003 | FISKH | ||
| 005 | 20260408101807.0 | ||
| 008 | 260408b cb ||||| |||| 00| 0 eng d | ||
| 040 |
_aFISKH _bchi _cFISKH _dFISKH |
||
| 100 | _a高晴 | ||
| 245 |
_a跳跳虫哭了/ _cBy 高晴 |
||
| 300 |
_a20 pages : _bcolor illustrations ; _c21 cm . |
||
| 520 | _a《跳跳虫哭了》是一本儿童图画书,讲述了一只活泼的小跳跳虫和它的情感经历。通过简单的语言和有趣的插图,故事描述了跳跳虫的情绪旅程——它为什么会难过,它如何尝试解决问题,以及在这个过程中学到了什么。该书专为幼儿设计,让他们在阅读的同时学习理解和表达情绪。 | ||
| 700 | _a郝莉 | ||
| 942 |
_2ddc _cBOOK _n0 |
||
| 999 |
_c10097 _d10097 |
||